000 00896nam a2200217 4500
001 768714001
003 CO-MdFUSB
005 20230530115042.0
008 230530s1985 us ||||| |||| 00| 0 eng d
040 _bspa
_aCO-MdFUSB
_cCO-MdFUSB
_dCO-MdFUSB
041 _aeng
100 _aBorthwick, Paul
_eautor
245 _aTo fire or not to fire
_c/ Paul Borthwick
300 _aVolumen 6, número 1 (Winter 1985), páginas 82 - 87
_c; 27 cm
520 _aPreguntas para reflexionar antes de anunciar el punto de no retorno. Por ejemplo, ¿Qué estándar estoy usando para medir la efectividad del trabajo? Y, ¿Qué pasa si el puesto queda vacante por un tiempo?
546 _aTexto en Inglés
653 _aEmpleos
653 _aTrabajo
773 0 _068780
_981985
_oR2473
_tLeadership :
_w(CO-MdFUSB)768714001
_gVolumen 6, número 1 (Winter 1985), páginas 82 - 87
_qpágina 82
942 _cANA
999 _c68911
_d68911